000 00892pam a2200289 a 4500
003 OSt
005 20140310184525.0
008 930125s1993 nyua j 000 0 eng
010 _a 93000269
020 _a0823410528 :
_c$15.95
040 _aDLC
_cDLC
_dDLC
042 _alcac
050 0 0 _aQL 668.E2
_b.G43 1997
100 1 _aGibbons, Gail.
_923032
245 1 0 _aFrogs /
_cby Gail Gibbons.
250 _a1st ed.
260 _aNew York :
_bHoliday House,
_c1993.
300 _a31 p. :
_bcol. ill. ;
_c21 cm.
521 _aG4
526 _c600
650 0 _aFrogs
_xJuvenile literature.
_930182
650 1 _aFrogs.
_920806
906 _a7
_bcbc
_corignew
_d1
_eocip
_f19
_gy-gencatlg
942 _2lcc
_cBK-SCHOLAS
999 _c35112
_d35112